| 000 | 00376nam a22001337a 4500 | ||
|---|---|---|---|
| 008 | 150625b xxu||||| |||| 00| 0 eng d | ||
| 020 | _a9781405787307 | ||
| 050 | _a347.0504 CIV | ||
| 245 |
_aThe civil court practice 2014 : _bAugust supplement |
||
| 260 |
_aUK : _bLexisNexis, _c2014. |
||
| 300 |
_axxx, 296p. : _bill. ; _c25cm. |
||
| 500 | _aIncludes index | ||
| 942 |
_2ddc _cBK |
||
| 999 |
_c6819 _d6819 |
||